[Event "St Petersburg Chigorin CC-ch"]
[Site "St Petersburg"]
[Date "2005.05.20"]
[Round "5"]
[White "Glazov, Anatoly"]
[Black "Bagrunov, Vladimir"]
[Result "0-1"]
[WhiteElo "2045"]
[BlackElo "2093"]
[PlyCount "94"]
[EventDate "2005.05.16"]
[EventType "swiss"]
[EventRounds "9"]
[EventCountry "RUS"]
[SourceTitle "EXT 2006"]
[Source "ChessBase"]
[SourceDate "2005.11.24"]
[SourceVersion "1"]
[SourceVersionDate "2005.11.24"]
[SourceQuality "1"]

1. c4 e5 2. Nc3 Nc6 3. Nf3 d6 4. e3 f5 5. d4 e4 6. d5 Ne5 7. Nd4 Nf6 8. Be2 g6 9. Qb3 a6 10. Bd2 Qe7 11. 0-0-0 Nfd7 12. Ne6 Nc5 13. Nxc5 dxc5 14. f3 Nf7 15. fxe4 fxe4 16. d6 Qxd6 17. Nxe4 Qe7 18. Bc3 Qxe4 19. Bxh8 Nxh8 20. Bf3 Qe7 21. Bxb7 Bxb7 22. Qxb7 Rd8 23. Qc6+ Rd7 24. Rd5 Nf7 25. Rhd1 Qxe3+ 26. Kb1 Bd6 27. R5d3 Qe6 28. Qxa6 Kf8 29. Qa5 Qxc4 30. Qa8+ Rd8 31. Qf3 Kg7 32. Rf1 Qe6 33. Re3 Ne5 34. Qe2 c4 35. Re1 Qf5+ 36. Ka1 Nd3 37. Rf1 Qd7 38. Re4 Rb8 39. Rb1 Qb5 40. Re7+ Bxe7 41. Qxe7+ Kh6 42. Qh4+ Qh5 43. Qxc4 Qe2 44. Qh4+ Qh5 45. Qd4 Nc5 46. Qf4+ Qg5 47. Qxc7 Nb3+ 0-1